LIBRARY & INFORMATION CENTRE, KCAET, TAVANUR

ONLINE PUBLIC ACCESS CATALOGUE (OPAC)

Poems of John Donne / (Record no. 860)

MARC details
000 -LEADER
fixed length control field 00351cam a2200145ua 4500
041 ## - LANGUAGE CODE
Language code of text/sound track or separate title eng
082 ## - DEWEY DECIMAL CLASSIFICATION NUMBER
Classification number 821
Item number DON/PO
100 ## - MAIN ENTRY--AUTHOR NAME
Personal name Donne, John .
245 ## - TITLE STATEMENT
Title Poems of John Donne /
260 ## - PUBLICATION, DISTRIBUTION, ETC. (IMPRINT)
Place of publication London :
Name of publisher Oxford University Press ,
Year of publication 1966.
300 ## - PHYSICAL DESCRIPTION
Number of Pages 404 ; .
942 ## - ADDED ENTRY ELEMENTS (KOHA)
Koha item type Books
Holdings
Withdrawn status Lost status Damaged status Home library Current library Date acquired Full call number Accession Number Koha item type
Withdrawn     KAUAET Central Prison Tavanur 07/04/2012 821 5705 Books
Withdrawn     KAUAET Central Prison Tavanur 13/11/2023 821 DON/PO 11917 Books
free website counter